1850 1692 1517 1571 1598 1752 2000 1520 1438 1664 1115 1190 1175 1788 1672 1704 1913 1371 1342 1463 1392 1985 1143 1844 1801 1275 1616 1168 1095 1426 1926 1289 1526 1268 1603 1809 1947 1386 1298 1671 1737 1015 1411 1143 1138 1275 1700 1903 1226 1093 1903 1824 1697 1939 1439 1094 1555 1529 1293 1474 1241 1496 1314 1166 1570 1369 1162 1321 1402 1855 1870 1018 1058 1391 1219 1783 1614 1401 1678 1469 1828 1720 1030 1850 1301 1274 1653 1595 1840 1061 1852 1519 1122 1394 1488 1048 1701 1306 1810 BCNSPRNW ULIB Ver.6.0+V

เปลี่ยนเป็นภาษาไทย

Change to English
 แสดงรายละเอียดบรรณานุกรม
  กลับหน้าหลัก

Brief Record : Get Marc (ISO 2709) : E-mail record : QR code < ปิดหน้าต่าง
LEADER : 00000nam 2200000uu 4500
001    13399109368
003     ULIB
008    110330s2551||||th 000 0 tha d
020    9789743284779
060 04 WA900.JT3^bส691ส 2551
245 00 สรุปรายงานการป่วย พ.ศ.2550/^cสำนักนโยบายและยุทธศาสตร์กระทรวงสาธารณสุข
260    นนทบุรี :^bสำนักนโยบายและยุทธศาสตร์ ,^c2551
300     เล่ม :^bภาพประกอบ ;^c30 ซม.
650  7 ความเจ็บป่วย^zไทย^vสถิติ
650  7 โรค^vสถิติ
710 2  สำนักนโยบายและยุทธศาสตร์
945    ^p0^l0^i025758
995    ทศพร
999 ^a ใช้งานได้ทุกระบบ
รายการนี้ยังไม่มีแท็ก
คุณยังไม่ได้ล็อกอิน คุณสามารถมีกิจกรรมร่วมกับเว็บไซต์ได้ แต่ต้องล็อกอินก่อน ::
  ล็อกอิน

รายการสื่อสารสนเทศ

ลำดับที่ ประเภท เลขเรียก/บาร์โค้ด สถานที่ สถานะ
- ไม่พบข้อมูล -

BibComment


ยังไม่เคยถูกคอมเมนท์

คอมเมนท์ทรัพยากรรายการนี้
  คอมเมนท์: สรุปรายงานการป่วย..


 Copyright 2026. Bcnsprnw @Library